| 000 | 00483nam a22001457a 4500 | ||
|---|---|---|---|
| 008 | 100620t xxu||||| |||| 00| 0 eng d | ||
| 020 | _a9771480502 | ||
| 082 |
_222 _a201.16 _bع م ا |
||
| 245 |
_aالعلمانية ونهضتنا الحديثة / _cمحمد عمارة |
||
| 260 |
_aالقاهرة : _bدار الشروق ، 1986 _c1986 |
||
| 300 |
_a211 ص ؛ _c20 سم |
||
| 500 | _aإهداء :علاء عبد الغني | ||
| 650 |
_98609 _aالعلمانية |
||
| 942 |
_2ddc _cBB |
||
| 999 |
_c14129 _d14129 |
||